|
|
|
|
| LEADER |
00864nam a2200337 4500 |
| 001 |
DLU110120672 |
| 005 |
##20110506 |
| 008 |
##871027s1987 enka b 000 0 eng |
| 010 |
# |
# |
|a 87200307
|
| 020 |
# |
# |
|a 0194370976 (pbk.)
|
| 035 |
# |
# |
|9 (DLC) 87200307
|
| 040 |
# |
# |
|a DLC
|c DLC
|d DLC
|
| 082 |
# |
# |
|b WE-C
|
| 100 |
# |
# |
|a Wessels, Charlyn.
|
| 245 |
# |
# |
|a Drama /
|c Charlyn Wessels.
|
| 260 |
# |
# |
|a Oxford ;
|a New York :
|b Oxford University Press,
|c 1987.
|
| 300 |
# |
# |
|a 137 p. :
|b ill. ;
|c 25 cm.
|
| 440 |
# |
# |
|a Resource books for teachers
|
| 504 |
# |
# |
|a Bibliography: p. 134-137.
|
| 650 |
# |
# |
|a Drama in education.
|
| 923 |
# |
# |
|a 01/2011NN
|
| 991 |
# |
# |
|a GT
|
| 992 |
# |
# |
|a 84000
|
| 994 |
# |
# |
|a KNN
|
| 900 |
# |
# |
|a True
|
| 911 |
# |
# |
|a Nguyễn Thanh Hương
|
| 925 |
# |
# |
|a G
|
| 926 |
# |
# |
|a A
|
| 927 |
# |
# |
|a SH
|
| 980 |
# |
# |
|a Thư viện Trường Đại học Đà Lạt
|